000 00966nam a22002537a 4500
005 20170123162344.0
010 _aA-791285
020 _c100.00
035 _aA-791285
037 _bCen Lib/Ret
040 _aDPL
_bUR
082 _a301.153
_bگ ا ن
100 _aپریم گوپال متل
_9109085
245 _aمہاتما گاندھی :
_cپریم گوپال متل
_bاہنسا کے پیامبر /
246 _aMahatma Gandhi : ahinsha ke payamber /
_bby Prem Gopal Mittal
260 _aنیی دہلی
_bموڈرن پبلشنگ ہاؤس
_c1995
270 _bنیی دہلی
_a٩، گولہ مارکیٹ دریاگنج
_e110002
300 _a112p.
_c21cm(Hb)
650 _a سیاسیات
_9129885
650 _a سیاسی رہنما - گاندھی - سوانح حیات
_9129886
650 _aPolitical science
_9129887
650 _aPolitical leader -- Gandhi -- Biography
_9129888
942 _2ddc
_cUR
_h301.153
_mگ ا ن
999 _c108762
_d108762